000 02028cam a2200505 i 4500
001 1131875450
003 OCoLC
005 20200707121428.0
008 200520s2020 nyu d b 000 1 spa
010 _a2019055472
020 _a9781534461246
_q(paperback)
020 _a1534461248
035 _a(OCoLC)1131875450
040 _aDLC
_beng
_erda
_cDLC
_dOCLCO
_dOCLCF
_dCD5
041 1 _aspa
_heng
042 _apcc
_alcac
050 1 0 _aPZ73.5
_b.E543 2020
082 0 0 _a[Fic]
_223
099 _aSPANISH TEEN Fiction ENGLE Margarit
100 1 _aEngle, Margarita,
_eauthor.
240 1 0 _aWith a star in my hand.
_lSpanish.
245 1 0 _aCon una estrella en la mano :
_bRuben Dario, heroe poeta /
_cMargarita Engle ; traduccion de Alexis Romay.
250 _aFirst edition.
260 _aNew York :
_bAtheneum Books for Young Readers
_c2020.
264 1 _aNew York :
_bAtheneum Books for Young Readers,
_c2020.
300 _a144 pages ;
_c22 cm.
336 _atext
_btxt
_2rdacontent.
337 _aunmediated
_bn
_2rdamedia.
338 _avolume
_bnc
_2rdacarrier.
504 _aIncludes bibliographical references.
520 _a"A Spanish-language translation of a novel in verse about the life and work of Ruben Dario, a Nicaraguan poet who started life as an abandoned child and grew to become the father of a new literary movement. Includes historical notes"--
_cProvided by publisher.
521 1 _aAges 12 Up.
_bAtheneum Books for Young Readers.
521 2 _aGrades 7-9.
_bAtheneum Books for Young Readers.
600 1 0 _aDario, Ruben,
_d1867-1916
_xChildhood and youth
_vJuvenile fiction.
600 1 1 _aDario, Ruben,
_d1867-1916
_xChildhood and youth
_vFiction.
650 1 _aNovels in verse.
650 1 _aPoets
_vFiction.
650 1 _aSpanish language materials.
651 1 _aNicaragua
_xHistory
_y1838-1909
_vFiction.
651 1 _aNicaragua
_xHistory
_y1937-1979
_vFiction.
655 7 _aFiction.
_2fast.
655 7 _aJuvenile works.
_2fast.
700 1 _aRomay, Alexis,
_etranslator.
942 _cBK
999 _c24685
_d24685